The Prophecy (Lyrics)- Taylor Swift - Statistics

General Stats
  • This quiz has been taken 34 times
  • The average score is 307 of 345
Answer Stats
Answer % Correct
a
100%
A
100%
be
100%
but
100%
But
100%
I
100%
in
100%
it
100%
of
100%
on
100%
prophecy?"
100%
prophecy
100%
prophecy?
100%
the
100%
to
100%
To
100%
when
100%
an
95%
And
95%
and
95%
been
95%
can
95%
Change
95%
change
95%
company
95%
do
95%
Don't
95%
Eve
95%
Hand
95%
hand
95%
have
95%
if
95%
I'm
95%
it's
95%
I've
95%
Just
95%
just
95%
knees
95%
Let
95%
like
95%
me
95%
money
95%
my
95%
once
95%
"Please
95%
Please
95%
("Please")
95%
prophecy
95%
so
95%
someone
95%
want
95%
wants
95%
who
95%
Who
95%
again
89%
beg
89%
bitten
89%
bottle
89%
caught
89%
got
89%
ink
89%
last
89%
lightning
89%
made
89%
No
89%
Oh
89%
pen
89%
speak
89%
they
89%
throttle
89%
was
89%
woman
89%
wouldn't
89%
About
84%
afraid
84%
around
84%
cool
84%
crumble
84%
cursed
84%
drops
84%
even
84%
gone
84%
greater
84%
look
84%
looked
84%
moon
84%
punishment?
84%
redo
84%
said
84%
sign
84%
sky
84%
soulmates
84%
stays
84%
table
84%
they're
84%
Thought
84%
unstable
84%
very
84%
wolf
84%
written
84%
at
79%
fate
79%
Feeling
79%
Gathered
79%
howl
79%
infant
79%
lesser
79%
lost
79%
shades
79%
statues
79%
from
74%
get
74%
guess
74%
hope
74%
paperweight
74%
sealed
74%
sinking
74%
would've
74%
faith
68%
has
68%
home
68%
'round
68%
tell
68%
wait
68%
will
68%
with
68%
Cards
63%
fable
63%
is
63%
it'll
63%
okay
63%
out
63%
pricked
63%
sound
63%
fools
58%
Pad
58%
play
58%
Spending
58%
wound
58%
blood
53%
coin
53%
coven
53%
dream
53%
him
53%
Mine
53%
Poison
53%
quicksand
53%
Ooh
47%
ooh
47%
Slow
47%
still
47%
greige
37%
sorceress'
37%
No matching quizzes found
Score Distribution
Percent of People with Each Score
Percentile by Number Answered
Your Score History
You have not taken this quiz